| 000 | 00585nam a2200205 a 4500 | ||
|---|---|---|---|
| 005 | 20240806064031.0 | ||
| 008 | 021008s2001 es r 000 0 spa d | ||
| 020 | _a8433969307 | ||
| 035 | _aUPN01000120007 | ||
| 049 | _aCG | ||
| 050 | 4 |
_aPS3551 U8 _bE9.78 |
|
| 100 | 1 |
_aAuster, Paul, _d1947- _928861 |
|
| 245 | 1 | 0 |
_aExperimentos con la verdad / _cPaul Auster. |
| 260 |
_aBarcelona, Esp. : _bAnagrama, _c2001. |
||
| 300 | _a219 p. | ||
| 440 | 0 |
_aPanorama de narrativas ; _v469 |
|
| 650 | 4 |
_aNovela estadounidense _94462 |
|
| 650 | 4 |
_aLiteratura estadounidense _95229 |
|
| 905 | _aLibro | ||
| 999 |
_c92357 _d92357 |
||